Rolling Stone's 75 Greatest Boyband Songs Of All Time - Statistics

General Stats
  • This quiz has been taken 58 times
  • The average score is 27 of 75
Answer Stats
Hint Answer % Correct
I Want It That Way Backstreet Boys
98%
Everybody (Backstreet's Back) Backstreet Boys
98%
Quit Playing Games (With My Heart) Backstreet Boys
98%
The Call Backstreet Boys
98%
Bye Bye Bye N'Sync
92%
It's Gonna Be Me N'Sync
92%
Gone N'Sync
92%
Pop N'Sync
92%
What Makes You Beautiful One Direction
92%
Story Of My Life One Direction
92%
Best Song Ever One Direction
92%
One Thing One Direction
92%
I Want You Back The Jackson 5
92%
I'll Be There The Jackson 5
92%
ABC The Jackson 5
92%
Daydream Believer The Monkees
80%
I'm A Believer The Monkees
80%
MMMBop Hanson
76%
You Got It (The Right Stuff) New Kids On The Block
65%
Please Don't Go Girl New Kids On The Block
65%
Hangin' Tough New Kids On The Block
65%
Back For Good Take That
55%
Motownphilly Boyz II Men
53%
SOS Jonas Brothers
41%
Sucker Jonas Brothers
41%
Burnin' Up Jonas Brothers
41%
Nan Arayo (I Know) Seo Taiji & Boys
41%
She Looks So Perfect 5 Seconds Of Summer
31%
Moon BTS
31%
Spring Day BTS
31%
Euphoria BTS
31%
Fake Love BTS
31%
When The Lights Go Out Five
31%
Glad You Came The Wanted
31%
When Will I Be Famous? Bros
25%
I Swear All-4-One
24%
House Of Love East 17
22%
Candy Girl New Edition
22%
Cool It Now New Edition
22%
Pass The Dutchie Musical Youth
20%
Dragostea Din Tei O-Zone
20%
Down By The Lazy River The Osmonds
20%
Crazy Horses The Osmonds
20%
Give Me Just One Night (Una Noche) 98 Degrees
18%
Beat Again JLS
18%
Why Do Fools Fall In Love Frankie Lymon & The Teenagers
16%
Saturday Night Bay City Rollers
14%
Summer Girls LFO
14%
All Or Nothing O-Town
14%
Bump Bump Bump B2K ft P.Diddy
10%
Boyfriend Big Time Rush ft Snoop Dogg
10%
Fantastic Baby Big Bang
8%
Hold Me Menudo
8%
Peaches & Cream 112
6%
Back Here BBMAK
6%
It Happens Every Time Dream Street
6%
I Like The Way (The Kissing Game) Hi-Five
6%
Sherlock SHINee
6%
Mirotic TVXQ!
6%
Trust Fund Baby Why Don't We
6%
Iesha Another Bad Creation
4%
The Chaser Infinite
4%
Breakin' My Heart (Pretty Brown Eyes) Mint Condition
4%
U + Me = Us 2gether
2%
Obsesion Aventura
2%
Sugar Brockhampton
2%
Back Door Lover Du Jour
2%
Chloe (You're The One I Want) Emblem3
2%
Real Face Kat-Tun
2%
TLC Linear
2%
Live It Up Marshall Dyllon
2%
My Girl Mindless Behaviour
2%
Me Necesita Prettymuch & CNCO
2%
Love Jones The Brighter Side Of Darkness
2%
Let's Pretend The Raspberries
2%
No matching quizzes found
Score Distribution
Percent of People with Each Score
Percentile by Number Answered
Your Score History
You have not taken this quiz